Commentary on the Epistle of Hebrews (Record no. 20116)

MARC details
000 -LEADER
campo de control de longitud fija 00518ntaaa2200193 4500
003 - IDENTIFICADOR DE NÚMERO DE CONTROL
campo de control 01
005 - FECHA Y HORA DE LA ÚLTIMA TRANSACCIÓN
campo de control 20251027202517.0
008 - DATOS DE LONGITUD FIJA--INFORMACIÓN GENERAL
campo de control de longitud fija 0714s1973 ag 01
040 ## - FUENTE DE CATALOGACIÓN
Centro catalogador/agencia de origen AR-BaBN
Lengua de catalogación spa
Centro/agencia transcriptor AR-BaBN
Normas de descripción aacr
Centro/agencia modificador RIC
082 ## - NÚMERO DE LA CLASIFICACIÓN DECIMAL DEWEY
Número de clasificación 227.8000 D37
100 ## - ENTRADA PRINCIPAL--NOMBRE DE PERSONA
Nombre de persona Delitzch, Franz
9 (RLIN) 24037
245 ## - MENCIÓN DEL TÍTULO
Título Commentary on the Epistle of Hebrews
250 ## - MENCION DE EDICION
Mención de edición 1 ed. :
Resto de la mención de edición Eerdmans,
-- 1952
300 ## - DESCRIPCIÓN FÍSICA
Extensión 2 volumes
500 ## - NOTA GENERAL
Nota general Translated from the German
650 ## - PUNTO DE ACCESO ADICIONAL DE MATERIA--TÉRMINO DE MATERIA
Término de materia o nombre geográfico como elemento de entrada Biblia-Nuevo Testamento-Hebreos
9 (RLIN) 4445
650 ## - PUNTO DE ACCESO ADICIONAL DE MATERIA--TÉRMINO DE MATERIA
Término de materia o nombre geográfico como elemento de entrada Hebreos
9 (RLIN) 4609
942 ## - ELEMENTOS DE ENTRADA SECUNDARIOS (KOHA)
Tipo de ítem Koha Colección General
Holdings
Estatus retirado Estado de pérdida Estado de daño No para préstamo Biblioteca de origen Biblioteca actual Fecha de adquisición Número de inventario Total de préstamos Signatura topográfica completa Código de barras Visto por última vez Precio de reemplazo Tipo de ítem Koha
        Biblioteca Pluis Biblioteca Pluis 27/10/2025 13311   227.8000 D37 13311 27/10/2025 27/10/2025 REFERENCIA
        Biblioteca Pluis Biblioteca Pluis 27/10/2025 13312     13312 27/10/2025 27/10/2025 Colección General